00968nam a2200253 a 450000100100000000500170001000800410002704000250006808200190009310000340011224500790014626000420022530000270026749000310029450000630032565000280038865000310041670000510044783000380049891000380053604900090057495201160058399900150069900000912120240412074209.0090928s1987 dr a 001 p spa d aDO-SdBNPbspacBNPHU aRD861.44bO96r1 aOvalles, Pedro,d1957-92378110aRetoño de sueños /cPedro Ovalles ; prólogo Bruno Rosario Candelier. aSanto Domingo :bCita de Fuga,c1987. a48 p. :bil. ;c21 cm.1 aJuventud, alegría y ocio aIncluye datos biográficos del autor en la contracubierta 0aPoesía dominicana966 0aLiteratura dominicana.9671 aRosario Candelier, Bruno,d1941-epról.9851 0aJuventud, alegría y ocio923782 aValidado. Control de calidad EMS. aBNPD 0010718PDaPDbPDcHDd2009-09-28iLF1l0oRD861.44 O96rp9121-10r2020-06-25w2020-06-25yLFPDZNo se presta c8885d8885